000 01004nam a2200229Ia 4500
003 Ost
005 20260507075346.0
008 260507s9999||||xx |||||||||||||| ||und||
020 _a71358299757
040 _cfsecg
041 _aara
082 _a330
100 _aأسعد، عبير
_eمؤلف
245 0 _aالذكاء الصناعي /
_c عبير أسعد
260 _aعمان:
_bدار البداية لناشرون والموزعون,
_c2012
300 _a184 صفحة؛
_bإيضاحات ؛
_c24 سم
520 _aالذكاء الصناعي تعريفه، نبذة تاريخية عنه- أنظمة وتطبيقات الذكاء الصناعي- أبحاث الذكاء الصناعي ومشاكله- الذكاء الصناعي التقليدي و الآلي- تقنيات الذكاء الصناعي- الذكاء الصناعي في مختلف المجالات
653 _aالذكاء
653 _aالذكاء- الصناعة
653 _aالصناعة
942 _cكتاب
999 _c44115
_d44115